Normal view
MARC view
- العدل -- قوانين وتشريعات -- الاردن
Entry Topical Term
001 - CONTROL NUMBER
- control field: 46424
003 - CONTROL NUMBER IDENTIFIER
- control field: JO-AjAnu
005 - DATE AND TIME OF LATEST TRANSACTION
- control field: 20230606081655.0
008 - FIXED-LENGTH DATA ELEMENTS
- fixed length control field: 230606|| aca||aabn | a|a d
040 ## - CATALOGING SOURCE
- Original cataloging agency: JO-AjAnu
- Transcribing agency: JO-AjAnu
150 ## - HEADING--TOPICAL TERM
- Topical term or geographic name entry element: العدل -- قوانين وتشريعات -- الاردن
670 ## - SOURCE DATA FOUND
- Source citation: Work cat.: (JO-AjAnu)23762: الخطيب ، نعمان أحمد , author 46423, مجموعة المبادئ القانونية التي قررتها محكمة العدل العليا في خمسة وعشرين عاما 1972 - 1997